Project VICLI virtual clustering identification and dissemination of strategic territorial planning best practices for certain countries of danubian and southern Europe
Guardado en:
| Formato: | Libro |
|---|---|
| Lenguaje: | inglés italiano |
| Publicado: |
Brussel
European Commission
[2001]
|
| Materias: | |
| Etiquetas: |
Sin Etiquetas, Sea el primero en etiquetar este registro!
|
MARC
| LEADER | 00000nam a2200000 4500 | ||
|---|---|---|---|
| 001 | c132524 | ||
| 005 | 20221124105345.9 | ||
| 041 | 0 | |a eng | |
| 041 | 0 | |a ita | |
| 044 | |a BE | ||
| 245 | 1 | 0 | |a Project VICLI |b virtual clustering identification and dissemination of strategic territorial planning best practices for certain countries of danubian and southern Europe |
| 264 | 1 | |a Brussel |b European Commission |c [2001] | |
| 300 | |a [28] s. | ||
| 610 | 2 | 0 | |a plánovanie regionálne |
| 610 | 2 | 0 | |a rozvoj regionálny |
| 610 | 2 | 0 | |a spolupráca medzinárodná |
| 610 | 2 | 0 | |a Európa |
| 610 | 2 | 0 | |a SVE |
| 610 | 2 | 0 | |a hospodárstvo regionálne |